| 000 | 00553 a2200157 4500 | ||
|---|---|---|---|
| 005 | 20250612142352.0 | ||
| 020 | _a0-256-12381-0 | ||
| 082 | _a658.5 MEL | ||
| 100 | _aMELNYK, S. A. | ||
| 245 | _aOperations Management : A Value-driven Approach. | ||
| 260 |
_aNew York, _bIrwin/ McGraw-Hill, _c1996. |
||
| 300 |
_axxxv, 988p.: ill.; chart, figure, graph, picture, table. _bGlossary & Index. _c26cm. |
||
| 700 | _aDENZLER, D. R. | ||
| 856 |
_yAccess Online Book _fOperations Management : A Value-driven Approach _dhttp://www.mhcollege.com |
||
| 942 |
_2ddc _cBKS |
||
| 999 |
_c2465 _d2465 |
||